Architectural houses : country house

Bibliographic Details
Format: Book
Published: Barcelona : Atrium , 1992
Subjects:

MARC

LEADER 00000cam a2200000 7i4500
001 0000005272
002 000005695
005 20000330.0
020 |a 8477411581 
090 0 0 |a 728.6   |b ARC 
245 0 0 |a Architectural houses :   |b country house 
255 |a 6 
260 |a Barcelona :   |b Atrium ,   |c 1992 
300 |a 255p. :   |b Pic ;   |c 33cm. 
650 0 0 |a Country house   |x Architectural 
999 |a 00072253   |b BUKU   |c PINJAMAN   |e PERPUSTAKAAN KOMUNITI PETALING JAYA 
999 |a 033649   |b BUKU   |c RUJUKAN   |e PERPUSTAKAAN KOMUNITI PETALING JAYA